00334nam a2200133Ia 4500003000400000005001700004008004100021020001900062040002000081100002100101245004800122260002100170260000900191OSt20240127153007.0170523s9999 xx 000 0 und d a978-0256017601 cIIMT UNIVERSITY aLAWRENCE- PAUL R 0aORGANIZATIONAL BEHAVIOUR AND ADMINISTRATION bRICHARD D IRWIN c1965